[Event "HUN-chT2 Breyer 1718"]
[Site "Hungary"]
[Date "2018.02.18"]
[Round "8.9"]
[White "Szucs, Edina"]
[Black "Szerenyi, Bence"]
[Result "1-0"]
[WhiteElo "2023"]
[BlackElo "1944"]
[PlyCount "41"]
[EventDate "2017.09.24"]
[EventType "team-tourn"]
[EventRounds "11"]
[EventCountry "HUN"]
[SourceTitle "EXT 2021"]
[Source "ChessBase"]
[SourceDate "2020.10.23"]
[SourceVersion "1"]
[SourceVersionDate "2020.10.23"]
[SourceQuality "1"]
[WhiteTeam "Naszaly Geniusz Tata"]
[BlackTeam "Vizugy"]
[WhiteTeamCountry "HUN"]
[BlackTeamCountry "HUN"]

1. e4 d5 2. exd5 Qxd5 3. Nc3 Qd6 4. d4 Nf6 5. Nf3 a6 6. h3 e6 7. Bg5 Be7 8. Qd2 Nbd7 9. Be2 b5 10. Bf4 Qb6 11. 0-0 b4 12. Na4 Qa5 13. b3 Ne4 14. Qe3 Bb7 15. Ne5 Nxe5 16. Bxe5 0-0 17. Bf3 f5 18. Bxe4 Bxe4 19. Qg3 Rf7 20. Bxc7 Qd5 21. Nb6 1-0

[Event "HUN-ch U16 Girls"]
[Site "Balatonlelle"]
[Date "2016.06.28"]
[Round "5"]
[White "Szucs, Edina"]
[Black "Egyed, Judit"]
[Result "0-1"]
[WhiteElo "1790"]
[BlackElo "2109"]
[PlyCount "96"]
[EventDate "2016.06.24"]
[EventType "tourn"]
[EventRounds "7"]
[EventCountry "HUN"]
[SourceTitle "CBM 173 Extra"]
[Source "ChessBase"]
[SourceDate "2016.08.29"]
[SourceVersion "1"]
[SourceVersionDate "2016.08.29"]
[SourceQuality "1"]

1. e4 d6 2. d4 Nf6 3. Nc3 g6 4. Be3 a6 5. Qd2 Bg7 6. Nf3 0-0 7. Bh6 b5 8. Bd3 Nc6 9. h4 Bg4 10. Ne2 e5 11. d5 Ne7 12. Ng3 c6 13. dxc6 Nxc6 14. h5 Bxf3 15. gxf3 Nd4 16. Be2 Bxh6 17. Qxh6 Nxc2+ 18. Kf1 Nxa1 19. Nf5 gxf5 20. Rg1+ Ng4 21. exf5 Kh8 22. Rxg4 Rg8 23. Bd3 Rxg4 24. f6 Rg1+ 25. Kxg1 Qg8+ 26. Kf1 Rc8 27. Qd2 Rc7 28. b3 d5 29. Ke2 e4 30. fxe4 Qg4+ 31. Ke1 Qxh5 32. exd5 Qe5+ 33. Kf1 Qxf6 34. Be4 Qc3 35. Qe2 Qc1+ 36. Kg2 f6 37. d6 Rg7+ 38. Kf3 Qc3+ 39. Bd3 Qc6+ 40. Be4 Qxd6 41. Qf1 Qe5 42. Qd3 Qh5+ 43. Ke3 Qh3+ 44. f3 Qh6+ 45. Kf2 Qh2+ 46. Ke3 Qg1+ 47. Kd2 Rg2+ 48. Kc3 Qc5+ 0-1

[Event "Budapest Art Pub Cup 8th"]
[Site "Budapest"]
[Date "2015.07.10"]
[Round "2"]
[White "Szucs, Edina"]
[Black "Papp, Andrea"]
[Result "0-1"]
[WhiteElo "1819"]
[BlackElo "1579"]
[PlyCount "78"]
[EventDate "2015.07.09"]
[EventType "swiss"]
[EventRounds "7"]
[EventCountry "HUN"]
[SourceTitle "CBM 167 Extra"]
[Source "ChessBase"]
[SourceDate "2015.09.14"]
[SourceVersion "1"]
[SourceVersionDate "2015.09.14"]
[SourceQuality "1"]

1. e4 d6 2. d4 e5 3. Ne2 Nf6 4. Nbc3 Be7 5. h3 b6 6. Be3 Nbd7 7. Qd2 exd4 8. Nxd4 0-0 9. Be2 Bb7 10. f3 d5 11. exd5 Nxd5 12. Nxd5 Bxd5 13. 0-0 Bf6 14. Rad1 Ne5 15. b3 c5 16. Nf5 Be6 17. Qc1 Qe8 18. Nd6 Qe7 19. f4 Nc6 20. Bf3 Nd4 21. f5 Nxf3+ 22. Rxf3 Bd7 23. Bf2 Bg5 24. Qb2 Bc6 25. Rfd3 Bf6 26. c3 Be5 27. Nc4 Bf6 28. Bg3 Qb7 29. Nd6 Qa6 30. Qc2 c4 31. bxc4 Ba4 32. Qe2 Bxd1 33. Rxd1 Qa5 34. Nb5 a6 35. Nd4 Qxc3 36. Nb3 Qxg3 37. Rd3 Qe5 38. Qf2 Rad8 39. Re3 Rd1+ 0-1

[Event "HUN-ch U16 Girls"]
[Site "Balatonlelle"]
[Date "2015.06.22"]
[Round "5"]
[White "Szucs, Edina"]
[Black "Egyed, Judit"]
[Result "1/2-1/2"]
[WhiteElo "1677"]
[BlackElo "1978"]
[PlyCount "86"]
[EventDate "2015.06.18"]
[EventType "tourn"]
[EventRounds "7"]
[EventCountry "HUN"]
[SourceTitle "CBM 167 Extra"]
[Source "ChessBase"]
[SourceDate "2015.09.14"]
[SourceVersion "1"]
[SourceVersionDate "2015.09.14"]
[SourceQuality "1"]

1. d4 d5 2. c4 e6 3. e3 c5 4. Nf3 Nc6 5. Nc3 Nf6 6. a3 a6 7. dxc5 Bxc5 8. b4 Bd6 9. Be2 0-0 10. 0-0 Ne5 11. cxd5 Nxf3+ 12. Bxf3 Be5 13. Bb2 exd5 14. Qd2 Be6 15. Na4 Qd6 16. h3 Bxb2 17. Qxb2 b6 18. Qd4 Qc6 19. Nb2 Rac8 20. Rac1 Qb7 21. Nc4 Rc6 22. Ne5 Rc7 23. Nc4 Nd7 24. Rfd1 Qb8 25. Bxd5 Bxd5 26. Qxd5 Rfc8 27. Qd2 Nf6 28. Nxb6 Rxc1 29. Rxc1 Rd8 30. Qxd8+ Qxd8 31. Rc8 Qxc8 32. Nxc8 Kf8 33. Nb6 Ke7 34. f3 Kd6 35. e4 Kc6 36. Nc4 Kb5 37. Nb2 Nd7 38. f4 Nb6 39. Nd3 Nc4 40. a4+ Kxa4 41. Kf2 Na3 42. Ne5 f6 43. Nd3 a5 1/2-1/2

[Event "HUN-ch U16 Girls"]
[Site "Balatonlelle"]
[Date "2015.06.20"]
[Round "3"]
[White "Szucs, Edina"]
[Black "Koltai, Anna"]
[Result "1-0"]
[WhiteElo "1677"]
[BlackElo "1570"]
[PlyCount "47"]
[EventDate "2015.06.18"]
[EventType "tourn"]
[EventRounds "7"]
[EventCountry "HUN"]
[SourceTitle "CBM 167 Extra"]
[Source "ChessBase"]
[SourceDate "2015.09.14"]
[SourceVersion "1"]
[SourceVersionDate "2015.09.14"]
[SourceQuality "1"]

1. e4 c5 2. Nf3 a6 3. c4 e6 4. Nc3 Nc6 5. Be2 Qc7 6. 0-0 Nf6 7. d4 cxd4 8. Nxd4 Be7 9. Be3 0-0 10. Rc1 Rd8 11. f3 Qb8 12. Nc2 d6 13. a3 Bd7 14. b4 Ne5 15. Nd4 Ng6 16. Qb3 Bc6 17. b5 Bd7 18. a4 h6 19. Rb1 Qc7 20. Rfc1 Nh5 21. g3 Nf6 22. Nc2 Nh7 23. bxa6 Qc6 24. axb7 1-0

[Event "HUN-chT2 Breyer 1415"]
[Site "Hungary"]
[Date "2015.02.08"]
[Round "8.11"]
[White "Grinacz, Aba Samuel"]
[Black "Szucs, Edina"]
[Result "0-1"]
[WhiteElo "1417"]
[BlackElo "1583"]
[PlyCount "74"]
[EventDate "2014.09.07"]
[EventType "team-tourn"]
[EventRounds "11"]
[EventCountry "HUN"]
[SourceTitle "EXT 2016"]
[Source "ChessBase"]
[SourceDate "2015.10.08"]
[SourceVersion "1"]
[SourceVersionDate "2015.10.08"]
[SourceQuality "1"]
[WhiteTeam "Nyergesujfalu"]
[BlackTeam "Geniusz Tata"]
[WhiteTeamCountry "HUN"]
[BlackTeamCountry "HUN"]

1. e4 e5 2. Nf3 Nc6 3. d4 exd4 4. Nxd4 Bc5 5. Nxc6 Qf6 6. Qd2 dxc6 7. Bd3 Ne7 8. 0-0 0-0 9. Qg5 Qxg5 10. Bxg5 Ng6 11. Nc3 Bd4 12. Nd1 Ne5 13. Be3 Bxe3 14. Nxe3 Nxd3 15. cxd3 Be6 16. a3 Rfd8 17. Rfd1 Rd7 18. Rac1 f6 19. f3 Rad8 20. Rc3 g6 21. g4 c5 22. Kf2 b6 23. Ke2 Kg7 24. Rg1 Rh8 25. Ng2 Bf7 26. Ke3 h5 27. h3 hxg4 28. hxg4 Rd4 29. b4 Rhd8 30. bxc5 bxc5 31. Rb1 Ra4 32. Rb7 Rd7 33. Ne1 Ra5 34. Nc2 Re7 35. d4 Bd5 36. Rxc5 Rxc5 37. dxc5 Bxb7 0-1

[Event "Budapest Art Pub Cup 6th"]
[Site "Budapest"]
[Date "2015.01.03"]
[Round "3"]
[White "Papp, Andrea"]
[Black "Szucs, Edina"]
[Result "0-1"]
[WhiteElo "1516"]
[BlackElo "1673"]
[PlyCount "58"]
[EventDate "2015.01.02"]
[EventType "swiss"]
[EventRounds "6"]
[EventCountry "HUN"]
[SourceTitle "CBM 164 Extra"]
[Source "ChessBase"]
[SourceDate "2015.03.02"]
[SourceVersion "1"]
[SourceVersionDate "2015.03.02"]
[SourceQuality "1"]

1. e4 e5 2. Nf3 Nc6 3. d4 exd4 4. Nxd4 Bc5 5. Be3 Qf6 6. c3 Nge7 7. Nc2 Bxe3 8. Nxe3 d6 9. Be2 0-0 10. 0-0 Qg6 11. Nd2 f5 12. exf5 Nxf5 13. Bc4+ Kh8 14. Re1 Ne5 15. Bf1 Nh4 16. Be2 Bd7 17. Bh5 Qh6 18. Qe2 Bc6 19. g3 Nhf3+ 20. Bxf3 Bxf3 21. Qf1 Qg6 22. Ng2 Qc2 23. Nxf3 Nxf3+ 24. Kh1 Nxe1 25. Rxe1 Rxf2 26. Qg1 Re2 27. Rf1 Rae8 28. Re1 Rxe1 29. Nxe1 Qd1 0-1

[Event "Budapest Art Pub Cup 6th"]
[Site "Budapest"]
[Date "2015.01.02"]
[Round "1"]
[White "Dibusz, Ferenc"]
[Black "Szucs, Edina"]
[Result "1-0"]
[WhiteElo "2133"]
[BlackElo "1673"]
[PlyCount "115"]
[EventDate "2015.01.02"]
[EventType "swiss"]
[EventRounds "6"]
[EventCountry "HUN"]
[SourceTitle "CBM 164 Extra"]
[Source "ChessBase"]
[SourceDate "2015.03.02"]
[SourceVersion "1"]
[SourceVersionDate "2015.03.02"]
[SourceQuality "1"]

1. c4 Nf6 2. Nc3 c5 3. g3 d5 4. cxd5 Nxd5 5. Bg2 Nc7 6. f4 Nc6 7. Nf3 g6 8. Ne4 b6 9. Nfg5 Bd7 10. Qb3 e6 11. Qc3 Nd4 12. d3 Nd5 13. Qd2 Rc8 14. 0-0 Bc6 15. b3 Bg7 16. Bb2 0-0 17. e3 Nf5 18. Bxg7 Kxg7 19. Rae1 h6 20. Nf3 Nb4 21. Ne5 Bb5 22. Rd1 f6 23. Nc4 Ba6 24. a3 Nd5 25. Rfe1 b5 26. Nb2 Qb6 27. g4 Nfe7 28. Rc1 Rfd8 29. Qf2 b4 30. a4 f5 31. Nd2 Nc3 32. Ndc4 Qc7 33. Ne5 Rd6 34. h3 Bb7 35. Nbc4 Rdd8 36. Rc2 Bd5 37. Bf1 Nc6 38. Qg3 Ne7 39. h4 Rg8 40. Bg2 Kh7 41. e4 fxe4 42. dxe4 Bc6 43. Rd2 Rcd8 44. Qe3 Rxd2 45. Qxd2 a5 46. Nf7 Nc8 47. Nce5 Be8 48. Nd8 Qd6 49. Qxd6 Nxd6 50. Nxe6 Nf7 51. Nc4 Bd7 52. Nxc5 Bxg4 53. Kf2 Ra8 54. Bf3 Bc8 55. e5 Ra7 56. Nd6 Nxd6 57. exd6 Kg7 58. d7 1-0

[Event "HUN-ch U14 Girls"]
[Site "Balatonlelle"]
[Date "2014.06.20"]
[Round "1"]
[White "Erseki, Tamara"]
[Black "Szucs, Edina"]
[Result "1/2-1/2"]
[WhiteElo "1671"]
[BlackElo "1558"]
[PlyCount "96"]
[EventDate "2014.06.20"]
[EventType "tourn"]
[EventRounds "7"]
[EventCountry "HUN"]
[SourceTitle "EXT 2024"]
[Source "ChessBase"]
[SourceDate "2023.10.10"]
[SourceVersion "1"]
[SourceVersionDate "2023.10.10"]
[SourceQuality "1"]

1. e4 e5 2. Nf3 Nc6 3. d4 exd4 4. Nxd4 Bc5 5. Be3 Qf6 6. c3 Nge7 7. Bc4 Ne5 8. Be2 Qg6 9. 0-0 d6 10. f4 Qxe4 11. Qd2 Bxd4 12. Bxd4 N5c6 13. Bxg7 Rg8 14. Bf3 Qg6 15. Bd4 Bg4 16. Na3 Nxd4 17. cxd4 0-0-0 18. Rac1 Kb8 19. Bxg4 Qxg4 20. Rc3 Nf5 21. d5 Rde8 22. Rf2 Re7 23. Nb5 Rge8 24. h3 Qg6 25. Kh2 a6 26. Na3 h5 27. Nc2 h4 28. b4 Ng3 29. Qd3 Ne4 30. Rf3 Nxc3 31. Qxg6 fxg6 32. Rxc3 Re4 33. Rf3 Rc4 34. Rf2 Rf8 35. g3 hxg3+ 36. Kxg3 c6 37. dxc6 bxc6 38. Kg4 Rg8 39. Kg5 Re4 40. h4 Kc7 41. Rf3 d5 42. a3 Kd6 43. Ne3 d4 44. Ng4 Re6 45. Rd3 c5 46. Ne5 Kd5 47. bxc5 Kxc5 48. Rb3 Rd6 1/2-1/2

[Event "Budapest Art Pub Cup 4th"]
[Site "Budapest"]
[Date "2014.04.19"]
[Round "4"]
[White "Ladanyi, Gyula"]
[Black "Szucs, Edina"]
[Result "0-1"]
[WhiteElo "1769"]
[BlackElo "1518"]
[PlyCount "110"]
[EventDate "2014.04.16"]
[EventType "swiss"]
[EventRounds "7"]
[EventCountry "HUN"]
[SourceTitle "EXT 2015"]
[Source "ChessBase"]
[SourceDate "2014.11.20"]
[SourceVersion "1"]
[SourceVersionDate "2014.11.20"]
[SourceQuality "1"]

1. d4 Nf6 2. c4 g6 3. Nc3 d5 4. cxd5 Nxd5 5. e4 Nxc3 6. bxc3 Bg7 7. Bc4 c5 8. Be3 0-0 9. Ne2 cxd4 10. cxd4 Nc6 11. 0-0 e6 12. Rc1 Bd7 13. f4 Na5 14. Bd3 f5 15. e5 Rc8 16. Nc3 Bc6 17. Qe2 a6 18. Rfd1 b5 19. Rc2 Qd7 20. Rb1 Qe7 21. Bd2 Nc4 22. Bxc4 bxc4 23. Nd1 Qd7 24. Qf2 Be4 25. Rbc1 Bxc2 26. Rxc2 Rfd8 27. Bc3 Qc6 28. Qe2 Rd7 29. Nb2 Bf8 30. Qe3 Qb6 31. h3 a5 32. Qe2 Qb5 33. a4 Qd5 34. Nd1 Qc6 35. Nb2 Qd5 36. Nd1 Qc6 37. Nb2 Qd5 38. Nd1 Be7 39. Ne3 Qc6 40. Bxa5 Qxa4 41. Ra2 Qc6 42. Bc3 Bd8 43. Rc2 Bb6 44. Bb2 Bxd4 45. Bxd4 Rxd4 46. g3 Re4 47. Kf2 Qc5 48. Kf3 Rd8 49. Rc3 Qd4 50. Qc2 Rc8 51. g4 Rxf4+ 52. Ke2 Qxe5 53. gxf5 exf5 54. Qd2 Rd4 55. Qc2 f4 0-1

[Event "Budapest Art Pub Cup 4th"]
[Site "Budapest"]
[Date "2014.04.19"]
[Round "5"]
[White "Szucs, Edina"]
[Black "Bohus, Adam"]
[Result "0-1"]
[WhiteElo "1518"]
[BlackElo "2058"]
[PlyCount "82"]
[EventDate "2014.04.16"]
[EventType "swiss"]
[EventRounds "7"]
[EventCountry "HUN"]
[SourceTitle "EXT 2015"]
[Source "ChessBase"]
[SourceDate "2014.11.20"]
[SourceVersion "1"]
[SourceVersionDate "2014.11.20"]
[SourceQuality "1"]

1. e4 e5 2. Nf3 Nc6 3. Bb5 a6 4. Ba4 Nf6 5. 0-0 Be7 6. Re1 b5 7. Bb3 d6 8. c3 0-0 9. d4 Bg4 10. d5 Na5 11. Bc2 Qc8 12. h3 Bd7 13. Nbd2 c6 14. dxc6 Bxc6 15. Nf1 Re8 16. Ng3 Bf8 17. Bg5 Nd7 18. Nf5 Qc7 19. b3 Nb6 20. Ne3 Nb7 21. Nd5 Nxd5 22. exd5 Bd7 23. Qd2 Rac8 24. Rac1 h6 25. Bh4 g6 26. Bb1 Bg7 27. Nh2 f5 28. g4 Rf8 29. f3 Nc5 30. c4 bxc4 31. bxc4 Rce8 32. Kh1 Kh7 33. Rg1 e4 34. fxe4 Nxe4 35. Bxe4 Rxe4 36. Qc2 Rb8 37. c5 Rb2 38. Qd3 dxc5 39. d6 Qb7 40. Qf3 Ree2 41. Bg3 Rxh2+ 0-1

[Event "Budapest Art Pub Cup 4th"]
[Site "Budapest"]
[Date "2014.04.17"]
[Round "1"]
[White "Szucs, Edina"]
[Black "Sulcz, Istvan"]
[Result "1/2-1/2"]
[WhiteElo "1518"]
[BlackElo "1956"]
[PlyCount "93"]
[EventDate "2014.04.16"]
[EventType "swiss"]
[EventRounds "7"]
[EventCountry "HUN"]
[SourceTitle "EXT 2015"]
[Source "ChessBase"]
[SourceDate "2014.11.20"]
[SourceVersion "1"]
[SourceVersionDate "2014.11.20"]
[SourceQuality "1"]

1. e4 c5 2. Nf3 Nc6 3. d4 cxd4 4. Nxd4 Nf6 5. Nc3 e5 6. Ndb5 d6 7. Bg5 a6 8. Na3 b5 9. Nd5 Be7 10. Bxf6 Bxf6 11. c4 b4 12. Nc2 Rb8 13. b3 Bg5 14. Be2 0-0 15. 0-0 g6 16. h3 Kh8 17. f4 Bxf4 18. Nxf4 exf4 19. Rxf4 g5 20. Rf1 Qb6+ 21. Kh1 Ne5 22. Qd4 Qxd4 23. Nxd4 Bb7 24. Bf3 Bc8 25. Nf5 Bxf5 26. exf5 f6 27. Rad1 Rfd8 28. Rf2 Rd7 29. Bd5 Rbd8 30. Rfd2 Rc7 31. Be6 Rc6 32. Rd5 Kg7 33. c5 Kf8 34. Rxd6 Rcxd6 35. cxd6 Nf7 36. d7 Ke7 37. Bxf7 Kxf7 38. Rd6 Ke7 39. Rxa6 Rxd7 40. Rb6 Ra7 41. Rxb4 Rxa2 42. Rb6 Rb2 43. b4 h5 44. b5 g4 45. hxg4 hxg4 46. Re6+ Kf7 47. Re3 1/2-1/2

[Event "Budapest Art Pub Cup 3rd"]
[Site "Budapest"]
[Date "2014.01.05"]
[Round "7"]
[White "Varga, Richard"]
[Black "Szucs, Edina"]
[Result "1-0"]
[WhiteElo "1986"]
[BlackElo "1486"]
[PlyCount "69"]
[EventDate "2014.01.02"]
[EventType "swiss"]
[EventRounds "7"]
[EventCountry "HUN"]
[SourceTitle "CBM 158 Extra"]
[Source "ChessBase"]
[SourceDate "2014.02.28"]
[SourceVersion "1"]
[SourceVersionDate "2014.02.28"]
[SourceQuality "1"]

1. e4 e5 2. Nf3 Nc6 3. Bb5 a6 4. Ba4 Nf6 5. 0-0 b5 6. Bb3 Bc5 7. Re1 d6 8. h3 Bb7 9. c3 h6 10. d3 0-0 11. Nbd2 Re8 12. Nf1 d5 13. exd5 Nxd5 14. Ng3 Nf6 15. Bc2 Qd7 16. Qe2 b4 17. Nd2 Nd5 18. Nb3 Bb6 19. Ne4 bxc3 20. bxc3 Qe7 21. Qg4 Nf6 22. Nxf6+ Qxf6 23. Be3 Bxe3 24. Rxe3 Qf4 25. Qe2 Rad8 26. Nc5 Bc8 27. Bb3 Re7 28. Rf3 Qg5 29. Ne4 Qg6 30. Qe3 Bf5 31. Rg3 Bxe4 32. Rxg6 Bxg6 33. Rd1 Rd6 34. Qc5 Rf6 35. Bd5 1-0

[Event "HUN-chT2 Asztalos 1314"]
[Site "Hungary"]
[Date "2013.11.03"]
[Round "4"]
[White "Szucs, Edina"]
[Black "Werner, Peter1111"]
[Result "1/2-1/2"]
[WhiteElo "1462"]
[BlackElo "1588"]
[PlyCount "64"]
[EventDate "2013.09.08"]
[EventType "team-tourn"]
[EventRounds "9"]
[EventCountry "HUN"]
[SourceTitle "EXT 2016"]
[Source "ChessBase"]
[SourceDate "2015.10.08"]
[SourceVersion "1"]
[SourceVersionDate "2015.10.08"]
[SourceQuality "1"]
[WhiteTeam "MAV Elore"]
[BlackTeam "Decs 1990 II"]
[WhiteTeamCountry "HUN"]
[BlackTeamCountry "HUN"]

1. e4 c5 2. Nf3 e6 3. c4 Nc6 4. Nc3 a6 5. Be2 Qc7 6. 0-0 g6 7. d4 cxd4 8. Nxd4 Bg7 9. Be3 Nf6 10. Rc1 0-0 11. b3 b6 12. f3 Bb7 13. Qd2 Rfd8 14. Nd5 exd5 15. cxd5 Qe5 16. dxc6 dxc6 17. f4 Nxe4 18. Qc2 Qe8 19. Nf3 c5 20. Bd3 Nf6 21. Rce1 Qc6 22. Ne5 Qc7 23. Bd2 Nd7 24. Bc3 Re8 25. Nxd7 Qxd7 26. Rd1 Qc6 27. Bxg7 Kxg7 28. f5 Rad8 29. Rf2 Rd7 30. Rdf1 Red8 31. Qc3+ Kg8 32. Bc2 g5 1/2-1/2

[Event "HUN-ch U14 Girls"]
[Site "Balatonlelle"]
[Date "2013.06.26"]
[Round "6"]
[White "Giczi, Alexandra Laura"]
[Black "Szucs, Edina"]
[Result "1/2-1/2"]
[WhiteElo "1452"]
[BlackElo "1445"]
[PlyCount "154"]
[EventDate "2013.??.??"]
[EventType "tourn"]
[EventRounds "9"]
[EventCountry "HUN"]
[SourceTitle "EXT 2014"]
[Source "ChessBase"]
[SourceDate "2013.11.20"]
[SourceVersion "1"]
[SourceVersionDate "2013.11.20"]
[SourceQuality "1"]

1. e4 e5 2. Nf3 Nc6 3. Bc4 Bc5 4. Nc3 Nf6 5. d3 d6 6. Bg5 h6 7. Bxf6 Qxf6 8. Nd5 Qd8 9. h3 a6 10. c3 Ba7 11. d4 f6 12. Nh4 h5 13. Be2 Be6 14. Bxh5+ Kd7 15. Nf5 Bxf5 16. exf5 Qg8 17. dxe5 fxe5 18. f6 Rxh5 19. Qg4+ Qe6 20. Qxh5 Qxd5 21. Qg4+ Ke8 22. Qg6+ Qf7 23. Qxg7 Qxg7 24. fxg7 Kf7 25. Rf1 Kxg7 26. f4 Re8 27. Kd1 Rf8 28. g3 exf4 29. Rxf4 Rxf4 30. gxf4 Be3 31. f5 Kf6 32. Ke2 Bc5 33. Rf1 Ne7 34. Kd3 d5 35. c4 c6 36. h4 Nxf5 37. b3 Ke5 38. Rh1 Kf4 39. a4 Kg4 40. h5 Nh6 41. cxd5 cxd5 42. Re1 Kf5 43. Rf1+ Kg4 44. Re1 Kxh5 45. Re5+ Kg4 46. Rxd5 Bf2 47. Rd7 b6 48. Ke2 Bc5 49. b4 Bf8 50. Rb7 Nf5 51. Rxb6 Kf4 52. Rxa6 Bxb4 53. Rb6 Bc3 54. Kd3 Be1 55. Rb1 Ba5 56. Kc4 Nd6+ 57. Kc5 Ne4+ 58. Kc6 Ke3 59. Rb5 Bd2 60. a5 Bxa5 61. Rxa5 Kd3 62. Ra4 Ke3 63. Rb4 Kd3 64. Kd5 Nc3+ 65. Ke5 Ne2 66. Rh4 Nc3 67. Kd6 Ne4+ 68. Kd5 Nc3+ 69. Kc5 Ne4+ 70. Kb4 Ke3 71. Kc4 Nd2+ 72. Kd5 Nf3 73. Rh3 Kf4 74. Rh8 Ke3 75. Re8+ Kf4 76. Rf8+ Ke3 77. Rxf3+ Kxf3 1/2-1/2